Esencia y sentido del amor

Na minha lista:
Detalhes bibliográficos
Autor principal: Bommer, Josef (Author)
Formato: Livro
Idioma:espanhol
Publicado em: Barcelona Herder 1966
Edição:1a. ed
Assuntos:
Tags: Adicionar Tag
Sem tags, seja o primeiro a adicionar uma tag!

MARC

LEADER 00000cam a2200000 a 4500
001 UCE6539
003 CL-VaPUC
008 150416e19660000sp |||||||||||||||||spa|d
082 0 4 |a 176  |b BOM  |2 21 
100 0 |a Bommer, Josef  |e author  |9 579204 
245 1 0 |a Esencia y sentido del amor 
250 |a 1a. ed 
300 |a 108 p 
942 |c BK 
945 |d 20150416 10:41:00  |a arojas 
260 |a Barcelona  |b Herder  |c 1966 
650 0 |a Amor  |9 257817 
650 0 |a Esencia  |9 320003 
583 |a last modification  |c 20150416 10:41:00  |k Rodrigo Vera 
999 |c 358851  |d 358849 
952 |0 0  |1 0  |3 erb  |4 0  |6 176_000000000000000_BOM_1966  |7 0  |8 A  |9 467756  |a BIBEDU  |b BIBEDU  |e Villagrán Garnham, Jorge  |i 5170893  |o 176 BOM 1966  |p 5170893  |r 2019-11-23  |w 2019-11-23  |y BK  |z Catalogado en:20150416  |k FIL 
952 |0 0  |1 0  |3 erb  |4 0  |6 176_000000000000000_BOM_1966  |7 0  |8 A  |9 467757  |a BIBTEO  |b BIBTEO  |e Familia Cárdenas Lailhacar  |i 5317193  |l 1  |o 176 BOM 1966  |p 5317193  |r 2025-03-28  |s 2025-03-21  |w 2019-11-23  |y BK  |z Catalogado en:20160731  |k ICR